| 000 | 00380nam a22001337a 4500 | ||
|---|---|---|---|
| 999 |
_c4529 _d4529 |
||
| 008 | 161108b xxu||||| |||| 00| 0 eng d | ||
| 082 | _a323.32 SHI | ||
| 100 | _aShivji, Issa.- | ||
| 245 |
_aClass Struggles in Tanzania/ _cIssa G. Shivji.- _hEnglish. |
||
| 260 |
_aDar Es Salaam: _bTPH, _c1975. |
||
| 300 |
_a180p.; _c22cm.- |
||
| 650 | _2Civil & political rights | ||
| 942 |
_2ddc _cBOOKS |
||